01431 a2200181 45000010006000000050017000060080041000230030015000640400040000790800026001192450090001450200018002352640033002533000030002865050797003161000037011138560099011504605820260407155733.0260407a1998 arg spa dAR-UNSa-BCEJYS aAR-UNSa-BCEJYSbspacAR-UNSa-BCEJYS a330.43xEconometría10aEconometríapModelos econométricos y series temporales con los paquetes TSP y TSP a84-291-2613-9 1aBarcelona :bRevertéc1998 a2v.(302 - 282 p.)c24 cm. aVol. I: 1. Introducción a los modelos econométricos – 2. Asociación entre variables. El método de mínimos cuadrados – 3. El modelo lineal uniecuacional – 4. Problemas en la estimación de modelos – 5. El modelo lineal general – 6. Modelos con variables cualitativas – 7. Micro-TSP – 8. TSP – Vol. II: Parte 1: Modelos econométricos multiecuacionales 1: 1. Modelos multiecuacionales. Especificación – 2. Modelos multiecuacionales. Estimación y predicción – Parte 2: Predicción económica y series temporales: 3. La predicción en la economía – 4. Modelización de una serie – 5. Series estacionarias: Modelos Arma. Modelos Arina – 6. Análisis clásico de series – 7. Modelos de función de transferencia – 8. Análisis espectral - 1 aCaridad y Ocerín, José Maria41uhttps://www.biblioeco.unsa.edu.ar/pmb/images/libros/L127300.jpgyImagen de portadaqimage/jpeg